ផែនការយុទ្ធសាស្ត្រសម្រាប់អភិវឌ្ឍន៍កម្មវិធីសិក្សាមហាវិទ្យាល័យវិស្វកម្មកសិកម្មនៅក្នុងប្រទេសកម្ពុជា (Record no. 9436)
[ view plain ]
| 000 -LEADER | |
|---|---|
| fixed length control field | 00504nam a22001217a 4500 |
| 040 ## - CATALOGING SOURCE | |
| Transcribing agency | HS |
| 082 ## - DEWEY DECIMAL CLASSIFICATION NUMBER | |
| Classification number | 375 |
| 100 ## - MAIN ENTRY--AUTHOR NAME | |
| Personal name | CHAN SARUTH |
| 245 ## - TITLE STATEMENT | |
| Title | ផែនការយុទ្ធសាស្ត្រសម្រាប់អភិវឌ្ឍន៍កម្មវិធីសិក្សាមហាវិទ្យាល័យវិស្វកម្មកសិកម្មនៅក្នុងប្រទេសកម្ពុជា |
| 260 ## - PUBLICATION, DISTRIBUTION, ETC. (IMPRINT) | |
| Place of publication | RUA |
| Name of publisher | CHAN SARUTH |
| Year of publication | 1996 |
| 300 ## - PHYSICAL DESCRIPTION | |
| Number of Pages | 36p; |
| 942 ## - ADDED ENTRY ELEMENTS (KOHA) | |
| Koha item type | សៀវភៅភាសាអង់គ្លេស |
| 952 ## - LOCATION AND ITEM INFORMATION (KOHA) | |
| Withdrawn status [LOCAL, KOHA] | 0 |
| Permanent Location | Date acquired | Koha item type | Lost status | Shelving location | Barcode | Current Location | Full call number |
|---|---|---|---|---|---|---|---|
| Library Block C | 2016-09-01 | សៀវភៅភាសាអង់គ្លេស | C063 | RUA045733 | Library Block C | 375 CHA 1996 C63 |